000
00273nam a2200109Ia 4500
008
220204s9999 xx 000 0 und d
082
_a
331.1
_b
RAM
100
_a
RAMACHANDRA RAJ, G
245
0
_a
Industrial conflict
260
_a
New Delhi
_b
Light and Life
_c
1980
942
_c
BK
999
_c
34623
_d
34623